কোম্পানী আইন / (Record no. 6549)
[ view plain ]
| 000 -LEADER | |
|---|---|
| fixed length control field | 00636nam a22001937a 4500 |
| 003 - CONTROL NUMBER IDENTIFIER | |
| control field | BUBTL |
| 008 - FIXED-LENGTH DATA ELEMENTS--GENERAL INFORMATION | |
| fixed length control field | 211003b ||||| |||| 00| 0 eng d |
| 020 ## - INTERNATIONAL STANDARD BOOK NUMBER | |
| International Standard Book Number | 9789843319869 |
| 082 ## - DEWEY DECIMAL CLASSIFICATION NUMBER | |
| Classification number | 346.41066/ Al117c/ 1997 |
| 100 ## - MAIN ENTRY--PERSONAL NAME | |
| 9 (RLIN) | 4236 |
| Personal name | আলম, আহমদ ফখরুল |
| 245 ## - TITLE STATEMENT | |
| Title | কোম্পানী আইন / |
| Statement of responsibility, etc. | আহমদ ফখরুল আলম |
| 250 ## - EDITION STATEMENT | |
| Edition statement | 1st ed. |
| 260 ## - PUBLICATION, DISTRIBUTION, ETC. (IMPRINT) | |
| Place of publication, distribution, etc. | ঢাকা : |
| Name of publisher, distributor, etc. | কামরুল বুক হাউস, |
| Date of publication, distribution, etc. | c1997. |
| 300 ## - PHYSICAL DESCRIPTION | |
| Extent | xlvii, 568 p. : |
| Dimensions | 22 cm. |
| 650 #0 - SUBJECT ADDED ENTRY--TOPICAL TERM | |
| 9 (RLIN) | 26 |
| Topical term or geographic name as entry element | Law |
| 856 ## - ELECTRONIC LOCATION AND ACCESS | |
| Password | 0 |
| Logon | 0 |
| Link text | Download |
| 942 ## - ADDED ENTRY ELEMENTS (KOHA) | |
| Source of classification or shelving scheme | |
| Koha item type | Books |
| Withdrawn status | Lost status | Source of classification or shelving scheme | Damaged status | Not for loan | Collection code | Permanent location | Current location | Shelving location | Date acquired | Source of acquisition | Inventory number | Total Checkouts | Full call number | Barcode | Date last seen | Copy number | Price effective from | Koha item type | Date last checked out |
|---|---|---|---|---|---|---|---|---|---|---|---|---|---|---|---|---|---|---|---|
| Not For Loan | Non-fiction | Bangladesh University of Business and Technology Library | Bangladesh University of Business and Technology Library | Law Stacks | 05/31/2021 | Purchase | 27760 | 346.41066 / Al117c 1997 | BUBTL-200327760 | 10/03/2021 | C-1 | 10/03/2021 | Books | ||||||
| Non-fiction | Bangladesh University of Business and Technology Library | Bangladesh University of Business and Technology Library | Law Stacks | 05/31/2021 | Purchase | 27761 | 2 | 346.41066 / Al117c 1997 | BUBTL-200327761 | 04/01/2024 | C-2 | 10/03/2021 | Books | 03/13/2024 | |||||
| Non-fiction | Bangladesh University of Business and Technology Library | Bangladesh University of Business and Technology Library | Law Stacks | 05/31/2021 | Purchase | 27762 | 2 | 346.41066 / Al117c 1997 | BUBTL-200327762 | 10/16/2023 | C-3 | 10/03/2021 | Books | 10/12/2023 | |||||
| Non-fiction | Bangladesh University of Business and Technology Library | Bangladesh University of Business and Technology Library | Law Stacks | 05/31/2021 | Purchase | 27763 | 1 | 346.41066 / Al117c 1997 | BUBTL-200327763 | 10/16/2023 | C-4 | 10/03/2021 | Books | 10/08/2023 | |||||
| Non-fiction | Bangladesh University of Business and Technology Library | Bangladesh University of Business and Technology Library | Law Stacks | 05/31/2021 | Purchase | 27764 | 346.41066 / Al117c 1997 | BUBTL-200327764 | 10/03/2021 | C-5 | 10/03/2021 | Books |
